Impacto ambiental y mitigación de daños (Registro nro. 8260)
[ vista simple ]
| 000 -Cabecera | |
|---|---|
| Campo de control de longitud fija | 00661nam a22002417a 4500 |
| 005 - Fecha y hora de la última transacción | |
| Campo de control | 20250729164433.0 |
| 008 - Elementos de longitud fija--Información general | |
| Campo de control de longitud fija | 160607b2016 xxu||||| |||| 00| 0 spa d |
| 020 ## - International Standard Book Number | |
| Número Internacional Estándar del Libro (ISBN) | 9789968481960 |
| 041 ## - Idioma | |
| Código de idioma | Español |
| 082 ## - Clasificación Decimal Dewey | |
| Número de clasificación | 333.72 P772i |
| 100 ## - Entrada principal--Autor personal | |
| Nombre personal | Poltronieri Ovares, Francisco |
| 9 (RLIN) | 11107 |
| 245 ## - Título propiamente dicho | |
| Título | Impacto ambiental y mitigación de daños |
| 260 ## - Pie de imprenta | |
| Lugar de publicación, distribución, etc. | Costa Rica |
| Nombre del editor, distribuidor, etc. | EUNED |
| Fecha de publicación, distribución, etc. | 2016 |
| 300 ## - Descripción física | |
| Extensión | 448 páginas |
| 490 ## - Serie | |
| Título de la Serie | Turismo |
| 650 #0 - Materia general | |
| Temática (materia general) | COSTA RICA |
| 650 #0 - Materia general | |
| Temática (materia general) | IMPACTO AMBIENTAL |
| 650 ## - Materia general | |
| Temática (materia general) | ADMINISTRACIÓN DE PROYECTOS |
| 650 ## - Materia general | |
| Temática (materia general) | DESASTRES NATURALES |
| 650 #0 - Materia general | |
| Temática (materia general) | DESARROLLO SOSTENIBLE |
| 650 ## - Materia general | |
| Temática (materia general) | CRECIMIENTO ECONÓMICO |
| 942 ## - Punto de acceso adicional KOHA | |
| Tipo de ítem KOHA | Libro |
| Fuente del sistema de clasificación o colocación | Dewey Decimal Classification |
| Signatura completa | Código de barras | Programa Académico | Tipo de ítem |
|---|---|---|---|
| 333.72 P772i | 21309 | Turismo | Libro |
| 333.72 P772i | 21310 | Turismo | Libro |